| 000 | 004290000a22001690004500 | ||
|---|---|---|---|
| 003 | MACL | ||
| 005 | 20160109132306.0 | ||
| 008 | 160109b xxu||||| |||| 00| 0 eng d | ||
| 040 |
_aMACL _cMACL |
||
| 041 | _aEnglish | ||
| 082 | _a920/LAL | ||
| 100 |
_aLal, Muni _930384 |
||
| 245 | _aProfile of A Chief Minister | ||
| 260 |
_bVikash Publishing House _c1975 _aNew Delhi |
||
| 650 |
_aBiography _930385 |
||
| 942 |
_cBK _k920/Lal _2ddc |
||
| 999 |
_c35921 _d35921 |
||